• 首页
  • 本馆介绍
  • 公告通知
  • 最新文献
  • 馆藏检索
  • 电子资源
  • 读者导购
  • 参考咨询
  • 我的图书馆
  • 登录
  • 详细信息显示
  • 放入我的书架
  • 预约/预借图书
  • 作者相关作品
  • 分类相关作品
  • 丛书相关作品
  • 出版社相关作品

书目信息

  • 表格格式
  • 工作单格式
  • 卡片格式
题名:
围棋死活辞典
    
 
作者: 赵治勋 著 ;吴仁 译
分册: 下册  
出版信息: 北京   中国青年出版社  1990.09
页数: 377页
开本: 19cm
丛书名:
单 册:
中图分类: G891.3-61 , G891.3
科图分类: 39.9962072
主题词: 死活棋(围棋)-棋谱 , 棋谱-死活棋(围棋) , 文娱性体育活动
电子资源:
ISBN:
000 00953nam0 2200325 45
001 0189016214
005 20040922165959.8
010    @dCNY22.00
020    @aCN@b89016214
100    @a19910513d1990 m y0chiy0120 ea
101 1  @achi@cjpn
102    @aCN@b340000
105    @ay e 000yy
106    @ar
200 10 @a围棋死活辞典@Awei qi si huo ci dian@f赵治勋著@h下册@FZhao Zhi Xun Zhu@g吴仁译
210    @a北京@c中国青年出版社@d1990.09
215    @a377页@d19cm
300    @a濑越围棋著作选
330    @a本书共载1000道死活题,主要属于“死”、“活”、“劫”、“对杀”等类型。
540 1  @a围棋 死活 辞典@Awei qi si huo ci dian
606    @a死活棋(围棋)-棋谱
606    @a棋谱-死活棋(围棋)
606 0  @a文娱性体育活动
690    @aG891.3-61@v1980
690    @aG891.3
692    @a39.9962072@v1974
701  0 @a赵治勋@4著
702  0 @a吴仁@AWu Ren@4译
801  0 @aCN@bNLC@c19910513
905    @f1@b234278@dG891.3@e118:4(2)
    
    围棋死活辞典/赵治勋著.下册/吴仁译.-北京:中国青年出版社,1990.09
    377页;19cm
    濑越围棋著作选
    
    ISBN :CNY22.00
    本书共载1000道死活题,主要属于“死”、“活”、“劫”、“对杀”等类型。
●
相关链接 在E读中查询图书 在五车中查询图书 在当当中查询图书 在豆瓣中查询图书


正题名:围棋死活辞典     索取号:G891.3/118:4(2)         预约/预借

序号 登录号 条形码 馆藏地/架位号 状态 备注
1 0234277   000305770   第一样本阅览室/ [索取号:G891.3/118:4(2)] 在馆    
2 0234278   000305921   工具书阅览室/ [索取号:G891.3/118:4(2)] 在馆    
唐山师范学院图书馆 欢迎您!
大连网信软件有限公司© 版权所有